[Event "U20 Polish Youth Championship"]
[Site "Ustron"]
[Date "2019.11.23"]
[Round "1"]
[White "Fiedorek, Michal"]
[Black "Turski, Bartlomiej"]
[Result "0-1"]
[Board "10"]
[WhiteElo "2333"]
[WhiteTitle "FM"]
[WhiteCountry "POL"]
[WhiteFideId "1199528"]
[WhiteEloChange "-18"]
[BlackElo "1993"]
[BlackCountry "POL"]
[BlackFideId "21810567"]
[BlackEloChange "18"]

1. e4 {[%clk 1:30:58]} c5 {[%clk 1:30:54]} 2. Nf3 {[%clk 1:31:23]} e6 {[%clk
1:31:20]} 3. d4 {[%clk 1:31:38]} cxd4 {[%clk 1:31:42]} 4. Nxd4 {[%clk 1:32:00]}
a6 {[%clk 1:32:07]} 5. Bd3 {[%clk 1:31:36]} Bc5 {[%clk 1:32:22]} 6. Nb3 {[%clk
1:31:40]} Ba7 {[%clk 1:32:44]} 7. Qe2 {[%clk 1:31:01]} Nc6 {[%clk 1:32:47]} 8.
Be3 {[%clk 1:29:56]} Nge7 {[%clk 1:32:43]} 9. N1d2 {[%clk 1:28:03]} O-O {[%clk
1:33:01]} 10. f4 {[%clk 1:25:04]} Nb4 {[%clk 1:30:20]} 11. Bxa7 {[%clk 1:18:55]}
Rxa7 {[%clk 1:30:38]} 12. Qf2 {[%clk 1:13:39]} Ra8 {[%clk 1:17:35]} 13. O-O
{[%clk 1:11:58]} d5 {[%clk 1:14:56]} 14. e5 {[%clk 1:03:22]} f6 {[%clk 1:05:03]}
15. exf6 {[%clk 0:56:00]} Rxf6 {[%clk 1:05:18]} 16. Rae1 {[%clk 0:54:45]} Nxd3
{[%clk 1:04:39]} 17. cxd3 {[%clk 0:55:07]} Ng6 {[%clk 1:04:06]} 18. Qe3 {[%clk
0:48:45]} Qd6 {[%clk 1:01:26]} 19. g3 {[%clk 0:47:37]} Bd7 {[%clk 0:58:25]} 20.
Nf3 {[%clk 0:42:00]} Re8 {[%clk 0:54:29]} 21. Nbd4 {[%clk 0:39:00]} Qb6 {[%clk
0:31:21]} 22. Rf2 {[%clk 0:36:06]} Rf7 {[%clk 0:24:44]} 23. Kg2 {[%clk 0:29:33]}
Qd6 {[%clk 0:15:11]} 24. Rfe2 {[%clk 0:21:11]} Rfe7 {[%clk 0:14:46]} 25. Qd2
{[%clk 0:15:21]} Qb6 {[%clk 0:10:14]} 26. Qe3 {[%clk 0:13:44]} Qd6 {[%clk
0:02:41]} 27. Qf2 {[%clk 0:10:27]} Bb5 {[%clk 0:02:06]} 28. Re3 {[%clk 0:09:00]}
Qb6 {[%clk 0:01:42]} 29. Qd2 {[%clk 0:06:37]} a5 {[%clk 0:00:47]} 30. h4 {[%clk
0:04:19]} h6 {[%clk 0:00:39]} 31. Qc3 {[%clk 0:03:19]} Bd7 {[%clk 0:00:46]} 32.
h5 {[%clk 0:02:40]} Nf8 {[%clk 0:00:39]} 33. Re5 {[%clk 0:02:25]} Nh7 {[%clk
0:00:41]} 34. f5 {[%clk 0:02:29]} Nf8 {[%clk 0:00:36]} 35. Qd2 {[%clk 0:01:42]}
Qd6 {[%clk 0:00:46]} 36. fxe6 {[%clk 0:01:32]} Bxe6 {[%clk 0:01:08]} 37. Qe2
{[%clk 0:00:56]} Kf7 {[%clk 0:01:12]} 38. Qf2 {[%clk 0:00:45]} Kg8 {[%clk
0:01:26]} 39. Qe3 {[%clk 0:00:59]} Qd7 {[%clk 0:01:13]} 40. Nf5 {[%clk 0:30:41]}
Rf7 {[%clk 0:31:10]} 41. N3d4 {[%clk 0:19:41]} Rf6 {[%clk 0:26:25]} 42. Kg1
{[%clk 0:12:52]} Kf7 {[%clk 0:17:15]} 43. g4 {[%clk 0:08:33]} Kg8 {[%clk
0:09:16]} 44. g5 {[%clk 0:06:40]} hxg5 {[%clk 0:08:52]} 45. Qxg5 {[%clk 0:06:30]}
Kh7 {[%clk 0:08:16]} 46. R1e3 {[%clk 0:03:41]} Qf7 {[%clk 0:02:45]} 47. Qg2
{[%clk 0:00:48]} Rc8 {[%clk 0:02:03]} 48. Rg3 {[%clk 0:00:35]} Rc1+ {[%clk
0:00:53]} 49. Kh2 {[%clk 0:01:02]} Bxf5 {[%clk 0:01:02]} 50. Nxf5 {[%clk
0:00:55]} Rxf5 {[%clk 0:01:04]} 51. Rxf5 {[%clk 0:01:04]} Qxf5 {[%clk 0:01:28]}
52. Rxg7+ {[%clk 0:00:59]} Kh6 {[%clk 0:01:54]} 53. Rg3 {[%clk 0:01:15]} Rf1
{[%clk 0:01:33]} 54. Qd2+ {[%clk 0:00:35]} Qf4 {[%clk 0:01:01]} 55. Qxa5 {[%clk
0:00:33]} Qh4+ {[%clk 0:01:19]} 0-1

[Event "U20 Polish Youth Championship"]
[Site "Ustron"]
[Date "2019.11.23"]
[Round "1"]
[White "Kania, Dominik"]
[Black "Zylka, Stanislaw"]
[Result "0-1"]
[Board "11"]
[WhiteElo "1988"]
[WhiteCountry "POL"]
[WhiteFideId "21845204"]
[WhiteEloChange "-2"]
[BlackElo "2333"]
[BlackTitle "FM"]
[BlackCountry "POL"]
[BlackFideId "1189654"]
[BlackEloChange "2"]

1. d4 {[%clk 1:30:30]} Nf6 {[%clk 1:30:49]} 2. Bg5 {[%clk 1:30:30]} d5 {[%clk
1:29:32]} 3. Bxf6 {[%clk 1:30:24]} gxf6 {[%clk 1:29:11]} 4. g3 {[%clk 1:28:10]}
c5 {[%clk 1:27:08]} 5. c3 {[%clk 1:26:17]} Nc6 {[%clk 1:27:07]} 6. Bg2 {[%clk
1:23:43]} cxd4 {[%clk 1:21:09]} 7. cxd4 {[%clk 1:23:58]} Qb6 {[%clk 1:21:03]} 8.
Nc3 {[%clk 1:17:19]} e6 {[%clk 1:20:52]} 9. e3 {[%clk 1:08:39]} Qxb2 {[%clk
1:19:39]} 10. Nge2 {[%clk 1:08:17]} Bb4 {[%clk 1:19:43]} 11. Rc1 {[%clk 1:08:32]}
Qxa2 {[%clk 1:17:33]} 12. O-O {[%clk 1:08:41]} Qa5 {[%clk 1:17:53]} 13. e4 {[%clk
1:08:30]} dxe4 {[%clk 1:15:18]} 14. Nxe4 {[%clk 1:07:07]} Ke7 {[%clk 1:07:54]}
15. Nf4 {[%clk 1:06:04]} Rd8 {[%clk 1:06:05]} 16. Qf3 {[%clk 0:45:06]} f5 {[%clk
0:52:24]} 17. Ng5 {[%clk 0:43:37]} h6 {[%clk 0:51:37]} 18. Ngh3 {[%clk 0:24:05]}
Rxd4 {[%clk 0:50:13]} 19. Qh5 {[%clk 0:21:50]} Qe5 {[%clk 0:47:43]} 20. Qxh6
{[%clk 0:17:20]} Bd7 {[%clk 0:47:01]} 21. Rfd1 {[%clk 0:11:44]} Rh8 {[%clk
0:45:42]} 22. Qg5+ {[%clk 0:11:06]} Ke8 {[%clk 0:45:31]} 23. Nd3 {[%clk 0:08:41]}
Qd6 {[%clk 0:43:21]} 24. Nhf4 {[%clk 0:06:40]} Qe7 {[%clk 0:39:15]} 25. Qg7
{[%clk 0:04:55]} Qf8 {[%clk 0:38:22]} 26. Qxf8+ {[%clk 0:03:20]} Bxf8 {[%clk
0:38:22]} 27. Bxc6 {[%clk 0:02:58]} Bxc6 {[%clk 0:38:26]} 28. Ne5 {[%clk
0:03:23]} Rxd1+ {[%clk 0:38:19]} 29. Rxd1 {[%clk 0:03:48]} Bb5 {[%clk 0:36:34]}
30. Rc1 {[%clk 0:03:51]} Bc6 {[%clk 0:32:13]} 31. Nxc6 {[%clk 0:04:06]} bxc6
{[%clk 0:32:37]} 32. Rxc6 {[%clk 0:04:25]} Kd7 {[%clk 0:32:36]} 33. Ra6 {[%clk
0:04:34]} Bc5 {[%clk 0:33:01]} 34. Nd3 {[%clk 0:03:05]} Bd4 {[%clk 0:33:05]} 35.
Kg2 {[%clk 0:01:56]} Rc8 {[%clk 0:32:53]} 36. Ra4 {[%clk 0:00:58]} e5 {[%clk
0:32:46]} 37. Ra5 {[%clk 0:00:30]} f6 {[%clk 0:32:34]} 38. Ra6 {[%clk 0:00:08]}
Rc2 {[%clk 0:31:03]} 39. Rxf6 Rd2 {[%clk 0:30:36]} 40. Nb4 Rxf2+ {[%clk 0:30:19]}
41. Kh3 e4 {[%clk 0:29:41]} 42. Rf7+ Ke6 {[%clk 0:28:42]} 43. Rc7 Rd2 {[%clk
0:25:59]} 44. Rc1 e3 {[%clk 0:24:45]} 45. Nc2 Bb6 {[%clk 0:24:49]} 46. Ne1 e2
{[%clk 0:24:11]} 47. Ng2 Ke5 {[%clk 0:22:46]} 48. Nf4 Bf2 {[%clk 0:22:08]} 49.
Ng2 Rd1 {[%clk 0:18:48]} 0-1

[Event "U20 Polish Youth Championship"]
[Site "Ustron"]
[Date "2019.11.23"]
[Round "1"]
[White "Mis, Mieszko"]
[Black "Karolczuk, Iwo"]
[Result "1-0"]
[Board "12"]
[WhiteElo "2328"]
[WhiteTitle "FM"]
[WhiteCountry "POL"]
[WhiteFideId "1196448"]
[WhiteEloChange "2"]
[BlackElo "1982"]
[BlackCountry "POL"]
[BlackFideId "21816972"]
[BlackEloChange "-2"]

1. d4 {[%clk 1:30:30]} Nf6 {[%clk 1:30:44]} 2. Nf3 {[%clk 1:30:44]} e6 {[%clk
1:31:04]} 3. g3 {[%clk 1:29:52]} b5 {[%clk 1:31:13]} 4. Qd3 {[%clk 1:29:00]} a6
{[%clk 1:30:47]} 5. e4 {[%clk 1:28:55]} d6 {[%clk 1:29:45]} 6. Bg2 {[%clk
1:26:11]} Bb7 {[%clk 1:28:49]} 7. Nbd2 {[%clk 1:26:10]} Be7 {[%clk 1:25:34]} 8.
O-O {[%clk 1:24:53]} O-O {[%clk 1:25:49]} 9. Qe2 {[%clk 1:22:19]} c5 {[%clk
1:21:12]} 10. dxc5 {[%clk 1:13:09]} dxc5 {[%clk 1:21:37]} 11. e5 {[%clk 1:12:58]}
Nfd7 {[%clk 1:20:03]} 12. b3 {[%clk 1:09:32]} Qc7 {[%clk 1:16:51]} 13. Bb2 {[%clk
1:07:01]} Rd8 {[%clk 1:06:22]} 14. a4 {[%clk 1:00:50]} Nb6 {[%clk 0:57:25]} 15.
axb5 {[%clk 0:50:20]} axb5 {[%clk 0:57:45]} 16. Rxa8 {[%clk 0:49:48]} Nxa8 {[%clk
0:57:44]} 17. Ra1 {[%clk 0:50:03]} Bc6 {[%clk 0:57:07]} 18. Ne4 {[%clk 0:42:49]}
Nd7 {[%clk 0:55:02]} 19. Nd6 {[%clk 0:33:46]} Bxd6 {[%clk 0:42:53]} 20. exd6
{[%clk 0:34:11]} Qxd6 {[%clk 0:43:13]} 21. Ng5 {[%clk 0:31:36]} Nf8 {[%clk
0:33:44]} 22. Qh5 {[%clk 0:21:25]} Rd7 {[%clk 0:31:29]} 23. Ne4 {[%clk 0:18:12]}
Bxe4 {[%clk 0:30:04]} 24. Bxe4 {[%clk 0:18:12]} Nc7 {[%clk 0:27:53]} 25. Be5
{[%clk 0:14:06]} Qb6 {[%clk 0:26:34]} 26. Rd1 {[%clk 0:11:50]} Rxd1+ {[%clk
0:17:47]} 27. Qxd1 {[%clk 0:11:50]} f6 {[%clk 0:17:41]} 28. Bf4 {[%clk 0:10:26]}
Ne8 {[%clk 0:15:08]} 29. Bd3 {[%clk 0:08:03]} e5 {[%clk 0:14:18]} 30. Be3 {[%clk
0:08:23]} Qc6 {[%clk 0:14:37]} 31. Bf1 {[%clk 0:05:24]} Nc7 {[%clk 0:13:12]} 32.
Bg2 {[%clk 0:05:24]} Qd7 {[%clk 0:13:16]} 33. Qxd7 {[%clk 0:04:41]} Nxd7 {[%clk
0:13:16]} 34. Bh3 {[%clk 0:04:56]} Nf8 {[%clk 0:12:38]} 35. Bxc5 {[%clk 0:04:56]}
Nfe6 {[%clk 0:12:42]} 36. Be3 {[%clk 0:01:10]} Kf7 {[%clk 0:12:42]} 37. Bg2
{[%clk 0:01:25]} Ke7 {[%clk 0:12:36]} 38. Kf1 {[%clk 0:00:57]} f5 {[%clk
0:11:58]} 39. Ke2 Kd6 {[%clk 0:10:59]} 40. Ba7 e4 {[%clk 0:04:27]} 41. f3 Ke5
{[%clk 0:04:25]} 42. fxe4 fxe4 {[%clk 0:04:39]} 43. c4 bxc4 44. bxc4 Nd4+ 45. Ke3
Nf5+ 46. Kd2 Na6 47. Kc3 g5 48. Bh3 h5 49. Bxf5 Kxf5 50. Be3 Nb8 51. c5 Nc6 52.
Kc4 Ke6 53. Bxg5 Ne5+ 54. Kb5 Kd7 55. Bf4 Nf3 56. c6+ Kc8 57. Kc4 h4 58. gxh4
Nxh4 59. Kd4 1-0

[Event "U20 Polish Youth Championship"]
[Site "Ustron"]
[Date "2019.11.23"]
[Round "1"]
[White "Kalkowski, Igor"]
[Black "Pacan-Milej, Kosma"]
[Result "0-1"]
[Board "13"]
[WhiteElo "1965"]
[WhiteCountry "POL"]
[WhiteFideId "21833966"]
[WhiteEloChange "-2"]
[BlackElo "2315"]
[BlackTitle "FM"]
[BlackCountry "POL"]
[BlackFideId "21800537"]
[BlackEloChange "2"]

1. e4 {[%clk 1:30:56]} c5 {[%clk 1:30:55]} 2. d4 {[%clk 1:31:20]} cxd4 {[%clk
1:31:10]} 3. c3 {[%clk 1:31:44]} dxc3 {[%clk 1:30:21]} 4. Nxc3 {[%clk 1:32:05]}
Nc6 {[%clk 1:30:48]} 5. Nf3 {[%clk 1:32:27]} e6 {[%clk 1:31:07]} 6. Bc4 {[%clk
1:32:51]} d6 {[%clk 1:31:04]} 7. O-O {[%clk 1:33:01]} Be7 {[%clk 1:31:15]} 8. Qe2
{[%clk 1:32:45]} Nf6 {[%clk 1:31:29]} 9. Bf4 {[%clk 1:31:57]} e5 {[%clk 1:29:45]}
10. Be3 {[%clk 1:27:51]} O-O {[%clk 1:29:42]} 11. Rfd1 {[%clk 1:27:41]} Bg4
{[%clk 1:26:43]} 12. h3 {[%clk 1:23:27]} Bh5 {[%clk 1:26:56]} 13. g4 {[%clk
1:23:20]} Bg6 {[%clk 1:27:09]} 14. Nh4 {[%clk 1:23:19]} Rc8 {[%clk 1:22:46]} 15.
Nxg6 {[%clk 1:19:44]} hxg6 {[%clk 1:23:10]} 16. a3 {[%clk 1:16:10]} Ne8 {[%clk
1:17:46]} 17. Nd5 {[%clk 0:59:47]} Bg5 {[%clk 1:16:56]} 18. b4 {[%clk 0:51:09]}
Bxe3 {[%clk 1:11:44]} 19. fxe3 {[%clk 0:51:18]} Ne7 {[%clk 1:09:15]} 20. Rac1
{[%clk 0:49:21]} Nxd5 {[%clk 1:02:05]} 21. Bxd5 {[%clk 0:45:36]} Rxc1 {[%clk
0:56:47]} 22. Rxc1 {[%clk 0:45:38]} Nf6 {[%clk 0:56:15]} 23. Bxb7 {[%clk
0:38:46]} Qb6 {[%clk 0:56:33]} 24. Bd5 {[%clk 0:39:02]} Nxd5 {[%clk 0:56:47]} 25.
exd5 {[%clk 0:39:23]} f5 {[%clk 0:56:43]} 26. Rc6 {[%clk 0:35:45]} Qd8 {[%clk
0:56:53]} 27. Kg2 {[%clk 0:31:42]} e4 {[%clk 0:50:08]} 28. gxf5 {[%clk 0:09:39]}
Rxf5 {[%clk 0:47:44]} 29. Kh2 {[%clk 0:09:59]} Qf6 {[%clk 0:44:05]} 30. Rc2
{[%clk 0:08:30]} Qe5+ {[%clk 0:39:07]} 0-1

[Event "U20 Polish Youth Championship"]
[Site "Ustron"]
[Date "2019.11.23"]
[Round "1"]
[White "Karpus, Michal"]
[Black "Karwacki, Piotr"]
[Result "1/2-1/2"]
[Board "14"]
[WhiteElo "2312"]
[WhiteTitle "FM"]
[WhiteCountry "POL"]
[WhiteFideId "1174088"]
[WhiteEloChange "-8"]
[BlackElo "1952"]
[BlackCountry "POL"]
[BlackFideId "21852200"]
[BlackEloChange "8"]

1. e4 {[%clk 1:30:57]} c5 {[%clk 1:30:51]} 2. Nf3 {[%clk 1:31:06]} Nc6 {[%clk
1:31:06]} 3. d4 {[%clk 1:31:16]} cxd4 {[%clk 1:31:24]} 4. Nxd4 {[%clk 1:31:35]}
Nf6 {[%clk 1:31:31]} 5. Nc3 {[%clk 1:31:39]} e5 {[%clk 1:31:30]} 6. Ndb5 {[%clk
1:31:26]} d6 {[%clk 1:31:42]} 7. Bg5 {[%clk 1:31:06]} a6 {[%clk 1:31:59]} 8. Na3
{[%clk 1:30:57]} b5 {[%clk 1:31:57]} 9. Bxf6 {[%clk 1:30:52]} gxf6 {[%clk
1:32:18]} 10. Nd5 {[%clk 1:31:00]} f5 {[%clk 1:32:09]} 11. c3 {[%clk 1:26:10]}
Bg7 {[%clk 1:32:00]} 12. exf5 {[%clk 1:23:41]} Bxf5 {[%clk 1:32:14]} 13. Nc2
{[%clk 1:23:35]} Be6 {[%clk 1:32:24]} 14. g3 {[%clk 1:19:59]} O-O {[%clk
1:31:38]} 15. Bg2 {[%clk 1:19:43]} a5 {[%clk 1:31:43]} 16. O-O {[%clk 1:18:17]}
f5 {[%clk 1:30:28]} 17. Qe2 {[%clk 1:03:30]} Rb8 {[%clk 1:28:23]} 18. Rfd1 {[%clk
0:59:16]} Ne7 {[%clk 1:16:55]} 19. Nce3 {[%clk 0:53:52]} f4 {[%clk 1:09:08]} 20.
Nxe7+ {[%clk 0:52:01]} Qxe7 {[%clk 1:09:24]} 21. Nd5 {[%clk 0:51:56]} Qd7 {[%clk
1:06:46]} 22. Be4 {[%clk 0:48:26]} fxg3 {[%clk 0:59:12]} 23. hxg3 {[%clk
0:47:22]} Bg4 {[%clk 0:57:22]} 24. Qd3 {[%clk 0:46:04]} Bxd1 {[%clk 0:52:47]} 25.
Bxh7+ {[%clk 0:45:33]} Kh8 {[%clk 0:53:07]} 26. Rxd1 {[%clk 0:45:17]} Qa7 {[%clk
0:45:44]} 27. Bf5 {[%clk 0:40:56]} Qf7 {[%clk 0:40:37]} 28. g4 {[%clk 0:36:59]}
Bh6 {[%clk 0:35:38]} 29. Qh3 {[%clk 0:28:06]} Qg7 {[%clk 0:34:45]} 30. Kf1 {[%clk
0:24:20]} Rb7 {[%clk 0:30:51]} 31. Ke2 {[%clk 0:20:12]} Qg5 {[%clk 0:30:36]} 32.
Ne3 {[%clk 0:16:04]} Rf6 {[%clk 0:29:52]} 33. Qf3 {[%clk 0:15:31]} Rb8 {[%clk
0:28:01]} 34. Rh1 {[%clk 0:14:51]} Kg7 {[%clk 0:19:55]} 35. Rh5 {[%clk 0:13:54]}
Qf4 {[%clk 0:20:17]} 36. Qh3 {[%clk 0:12:19]} Rg8 {[%clk 0:18:22]} 37. Kf1 {[%clk
0:02:38]} Kf7 {[%clk 0:12:15]} 38. b3 {[%clk 0:02:15]} Bg5 {[%clk 0:10:51]} 39.
Rh7+ {[%clk 0:01:10]} Kf8 {[%clk 0:10:28]} 40. Qh5 {[%clk 0:30:43]} Rg7 {[%clk
0:38:35]} 41. Nd5 {[%clk 0:25:46]} Rxh7 {[%clk 0:37:53]} 42. Nxf4 {[%clk
0:19:55]} Rxh5 {[%clk 0:38:09]} 43. Nxh5 {[%clk 0:20:18]} Rf7 {[%clk 0:38:10]}
44. Ng3 {[%clk 0:20:29]} d5 {[%clk 0:31:14]} 45. Be6 {[%clk 0:19:27]} Rf3 {[%clk
0:30:54]} 1/2-1/2

[Event "U20 Polish Youth Championship"]
[Site "Ustron"]
[Date "2019.11.23"]
[Round "1"]
[White "Koloczek, Maciej"]
[Black "Walter, Szymon"]
[Result "0-1"]
[Board "15"]
[WhiteElo "1947"]
[WhiteCountry "POL"]
[WhiteFideId "1198785"]
[WhiteEloChange "-2"]
[BlackElo "2304"]
[BlackTitle "FM"]
[BlackCountry "POL"]
[BlackFideId "1172590"]
[BlackEloChange "2"]

1. e4 {[%clk 1:30:57]} c5 {[%clk 1:29:46]} 2. Nf3 {[%clk 1:31:16]} d6 {[%clk
1:29:59]} 3. d4 {[%clk 1:31:25]} cxd4 {[%clk 1:30:22]} 4. Nxd4 {[%clk 1:31:49]}
Nf6 {[%clk 1:30:43]} 5. Nc3 {[%clk 1:32:06]} g6 {[%clk 1:30:31]} 6. Be3 {[%clk
1:32:17]} Bg7 {[%clk 1:30:39]} 7. f3 {[%clk 1:32:34]} a6 {[%clk 1:29:52]} 8. Qd2
{[%clk 1:32:33]} Nbd7 {[%clk 1:29:51]} 9. g4 {[%clk 1:31:46]} b5 {[%clk 1:29:27]}
10. h4 {[%clk 1:29:26]} h5 {[%clk 1:29:38]} 11. g5 {[%clk 1:26:19]} Nh7 {[%clk
1:29:59]} 12. f4 {[%clk 1:19:33]} Bb7 {[%clk 1:30:09]} 13. Bd3 {[%clk 1:06:06]}
b4 {[%clk 1:24:27]} 14. Nce2 {[%clk 0:57:22]} Nc5 {[%clk 1:23:02]} 15. O-O-O
{[%clk 0:45:45]} Nxe4 {[%clk 1:14:00]} 16. Qxb4 {[%clk 0:36:22]} Nc5 {[%clk
1:12:38]} 17. Rhf1 {[%clk 0:35:37]} Rb8 {[%clk 1:12:30]} 18. Qa3 {[%clk 0:33:29]}
e6 {[%clk 1:01:36]} 19. Nb3 {[%clk 0:29:06]} Nxb3+ {[%clk 0:55:45]} 20. axb3
{[%clk 0:29:03]} O-O {[%clk 0:55:34]} 21. Bd4 {[%clk 0:24:51]} Bxd4 {[%clk
0:54:50]} 22. Nxd4 {[%clk 0:25:12]} Qb6 {[%clk 0:54:53]} 23. Ne2 {[%clk 0:22:51]}
Rfc8 {[%clk 0:54:26]} 24. Kb1 {[%clk 0:21:27]} Nf8 {[%clk 0:53:54]} 25. Nc3
{[%clk 0:13:07]} a5 {[%clk 0:48:32]} 26. Nb5 {[%clk 0:06:52]} Rc5 {[%clk
0:45:26]} 27. Nc3 {[%clk 0:05:20]} Bc6 {[%clk 0:44:24]} 28. Be2 {[%clk 0:03:20]}
d5 {[%clk 0:42:24]} 29. Bf3 {[%clk 0:03:28]} Rc8 {[%clk 0:37:55]} 30. Rd2 {[%clk
0:02:58]} Nd7 {[%clk 0:35:18]} 31. Rfd1 {[%clk 0:02:20]} a4 {[%clk 0:23:40]} 32.
bxa4 {[%clk 0:01:20]} Rc4 {[%clk 0:23:48]} 33. Bxd5 {[%clk 0:00:42]} exd5 {[%clk
0:22:49]} 34. Nxd5 {[%clk 0:00:59]} Bxd5 {[%clk 0:23:11]} 35. Rxd5 {[%clk
0:01:22]} Nc5 {[%clk 0:20:34]} 36. a5 {[%clk 0:01:28]} Qe6 {[%clk 0:18:03]} 37.
f5 {[%clk 0:01:20]} Qe4 {[%clk 0:16:35]} 38. R5d2 {[%clk 0:00:56]} Qxf5 {[%clk
0:16:03]} 39. a6 {[%clk 0:00:40]} Ne6 {[%clk 0:09:39]} 40. Qb3 {[%clk 0:30:35]}
Qa5 {[%clk 0:36:26]} 0-1

[Event "U20 Polish Youth Championship"]
[Site "Ustron"]
[Date "2019.11.23"]
[Round "1"]
[White "Szpar, Milosz"]
[Black "Syrkiewicz, Michal"]
[Result "1-0"]
[Board "16"]
[WhiteElo "2291"]
[WhiteTitle "FM"]
[WhiteCountry "POL"]
[WhiteFideId "1184989"]
[WhiteEloChange "2"]
[BlackElo "1928"]
[BlackCountry "POL"]
[BlackFideId "21833494"]
[BlackEloChange "-2"]

1. Nf3 {[%clk 1:30:55]} d5 {[%clk 1:30:28]} 2. g3 {[%clk 1:31:12]} Nf6 {[%clk
1:30:32]} 3. Bg2 {[%clk 1:31:22]} c6 {[%clk 1:30:26]} 4. c4 {[%clk 1:31:31]} Bf5
{[%clk 1:27:28]} 5. cxd5 {[%clk 1:28:22]} cxd5 {[%clk 1:24:50]} 6. Qb3 {[%clk
1:23:42]} Qc8 {[%clk 1:14:59]} 7. Nc3 {[%clk 1:23:10]} e6 {[%clk 1:13:46]} 8. d3
{[%clk 1:22:19]} Nbd7 {[%clk 1:10:10]} 9. Bf4 {[%clk 1:19:44]} Nh5 {[%clk
1:05:08]} 10. Be3 {[%clk 1:17:04]} Bc5 {[%clk 0:54:03]} 11. Nb5 {[%clk 1:05:03]}
Qd8 {[%clk 0:41:55]} 12. Rc1 {[%clk 0:54:16]} Rc8 {[%clk 0:32:15]} 13. O-O {[%clk
0:49:50]} O-O {[%clk 0:28:06]} 14. Nxa7 {[%clk 0:48:21]} Bxa7 {[%clk 0:20:43]}
15. Bxa7 {[%clk 0:47:06]} Rc7 {[%clk 0:19:07]} 16. Be3 {[%clk 0:43:27]} Qc8
{[%clk 0:14:57]} 17. Nd4 {[%clk 0:41:42]} Bg6 {[%clk 0:12:21]} 18. Nb5 {[%clk
0:40:31]} Rxc1 {[%clk 0:11:51]} 19. Rxc1 {[%clk 0:40:55]} Qa8 {[%clk 0:09:20]}
20. Rc7 {[%clk 0:37:32]} Ne5 {[%clk 0:07:33]} 21. Nd6 {[%clk 0:33:55]} Qa5 {[%clk
0:03:44]} 22. Rc1 {[%clk 0:30:35]} b6 {[%clk 0:02:05]} 23. Bxb6 {[%clk 0:29:13]}
Qd2 {[%clk 0:01:16]} 24. Qc2 {[%clk 0:29:21]} Qb4 {[%clk 0:01:31]} 25. Bc5 {[%clk
0:29:19]} Qb8 {[%clk 0:01:28]} 26. a4 {[%clk 0:25:27]} Nf6 {[%clk 0:01:01]} 27.
Ba3 {[%clk 0:25:34]} h6 {[%clk 0:00:38]} 28. a5 {[%clk 0:23:01]} Qa7 {[%clk
0:00:43]} 29. Nc8 {[%clk 0:21:29]} Qxa5 {[%clk 0:00:40]} 30. Bxf8 {[%clk
0:19:17]} Kxf8 {[%clk 0:01:08]} 31. Qc5+ {[%clk 0:18:17]} Qxc5 {[%clk 0:01:36]}
32. Rxc5 {[%clk 0:18:41]} Ke8 {[%clk 0:01:50]} 33. Nb6 {[%clk 0:18:49]} Ke7
{[%clk 0:01:29]} 34. d4 {[%clk 0:18:30]} Ned7 {[%clk 0:01:35]} 35. Nxd7 {[%clk
0:18:45]} Nxd7 {[%clk 0:02:01]} 36. Rc1 {[%clk 0:18:28]} Kd6 {[%clk 0:02:03]} 37.
Bf1 {[%clk 0:18:34]} e5 {[%clk 0:00:53]} 38. b4 {[%clk 0:13:19]} exd4 {[%clk
0:01:02]} 39. b5 {[%clk 0:13:07]} 1-0

[Event "U20 Polish Youth Championship"]
[Site "Ustron"]
[Date "2019.11.23"]
[Round "1"]
[White "Stachecki, Mikolaj"]
[Black "Koziol, Kamil"]
[Result "0-1"]
[Board "17"]
[WhiteElo "1901"]
[WhiteCountry "POL"]
[WhiteFideId "21838810"]
[WhiteEloChange "-2"]
[BlackElo "2289"]
[BlackTitle "FM"]
[BlackCountry "POL"]
[BlackFideId "1161555"]
[BlackEloChange "2"]

1. e4 {[%clk 1:30:30]} c5 {[%clk 1:29:43]} 2. Nf3 {[%clk 1:30:52]} d6 {[%clk
1:29:47]} 3. d4 {[%clk 1:31:13]} cxd4 {[%clk 1:30:12]} 4. Nxd4 {[%clk 1:31:35]}
Nf6 {[%clk 1:30:32]} 5. Nc3 {[%clk 1:31:55]} a6 {[%clk 1:30:51]} 6. Be2 {[%clk
1:32:09]} e5 {[%clk 1:28:56]} 7. Nb3 {[%clk 1:32:31]} Be6 {[%clk 1:28:43]} 8. Be3
{[%clk 1:32:42]} Be7 {[%clk 1:25:43]} 9. Nd5 {[%clk 1:32:41]} Nxd5 {[%clk
1:14:21]} 10. exd5 {[%clk 1:32:22]} Bf5 {[%clk 1:14:22]} 11. Qd2 {[%clk 1:26:49]}
Nd7 {[%clk 1:05:14]} 12. O-O {[%clk 0:59:30]} Bg6 {[%clk 0:53:27]} 13. f3 {[%clk
0:52:14]} O-O {[%clk 0:52:12]} 14. g3 {[%clk 0:51:58]} Rc8 {[%clk 0:45:07]} 15.
c4 {[%clk 0:41:17]} f5 {[%clk 0:37:29]} 16. Rac1 {[%clk 0:27:15]} h5 {[%clk
0:34:07]} 17. Rfd1 {[%clk 0:18:21]} b6 {[%clk 0:32:51]} 18. f4 {[%clk 0:17:07]}
Bf6 {[%clk 0:29:17]} 19. Re1 {[%clk 0:13:54]} h4 {[%clk 0:23:32]} 20. Bf3 {[%clk
0:13:14]} Kf7 {[%clk 0:21:53]} 21. fxe5 {[%clk 0:10:40]} Nxe5 {[%clk 0:21:20]}
22. Be2 {[%clk 0:11:05]} Rh8 {[%clk 0:20:44]} 23. Kg2 {[%clk 0:07:48]} hxg3
{[%clk 0:16:20]} 24. h3 {[%clk 0:04:40]} f4 {[%clk 0:15:12]} 25. Bxf4 {[%clk
0:03:38]} Be4+ {[%clk 0:13:51]} 26. Kf1 {[%clk 0:02:25]} g2+ {[%clk 0:13:10]} 27.
Kg1 {[%clk 0:01:36]} Rxh3 {[%clk 0:13:30]} 28. Bxe5 {[%clk 0:01:56]} Bxe5 {[%clk
0:11:47]} 29. Bh5+ {[%clk 0:02:21]} Rxh5 {[%clk 0:12:12]} 30. Rxe4 {[%clk
0:02:45]} Rh1+ {[%clk 0:12:22]} 31. Kf2 {[%clk 0:02:51]} Qf6+ {[%clk 0:12:35]}
0-1